000 00262nam a22001097a 4500
082 _a297.55
_bMUM
245 _aلبیک
260 _aLahore,:
_bSang-e-meel Publication,
_c1996
300 _a319p.
526 _a0
_b0
_c0
_d297_550000000000000_MUM
942 _2ddc
_cBK
999 _c553766
_d553766